000 00762nam a2200229 i 4500
001 68956
003 ES-MaACL
005 20250815164243.0
007 t|
008 040818q1920 xxka |||| |deng d
080 _a7.035.3
100 1 _aFord, Ford Madox.
_951699
245 1 4 _aThe Pre-Raphaelite brotherhood
_b: a critical monograph /
_cby Ford Madox Hueffer.
260 _aLondon :
_bDuckworth,
_c[1920]
300 _aXI, 174 p. :
_bil. ;
_c15 cm.
530 _aDisponible en formato digital.
650 7 _aPrerrafaelismo
_2embne
_9136762
852 _aES-MaACL
_jF-470
_zRevisado enlace: 21 de julio de 2025
856 4 _uhttps://archive.org/details/preraphaelitebro00forduoft
_yInternet Archive
942 _2udc
999 _c68956
_d68956